000 00673nam a22001937a 4500
999 _c9614
_d9614
003 OSt
005 20210904124411.0
008 210904b ||||| |||| 00| 0 eng d
040 _aBMSCA
041 _aKAN
082 _222
_a494.8145
_bBOR
100 _aಬೋರಲಿಂಗಯ್ಯ ಹಿ. ಚಿ. / Bhoralingaih
245 _aಸಾಂಸ್ಕೃತಿಕ ಕನ್ನಡ/ Samskruthika Kannada
260 _aಬೆಳಗಾವಿ
_bವಿಶ್ವೇಶ್ವರಯ್ಯ ತಾಂತ್ರಿಕ ವಿಶ್ವವಿದ್ಯಾನಿಲಯ
_c2020
300 _a152pp.
650 _aKannada
700 _aತಿಮ್ಮೇಶ ಎಲ್/ Thimmesh L
942 _2ddc